000 00835nam a2200253Ia 4500
003 OSt
005 20220925204243.0
006 a|||||r|||| 00| 0
007 ta
008 220923b |||||||| |||| 00| 0 eng d
020 _a9291691186
037 _cGeneral Book
040 _aRTL
_cRTL
_beng
041 _2eng
_aeng
082 _aU287, P8/UN
100 _aUNITED NATIONS ENVIRONMENT PROGRAMME
110 _aUNITED NATIONS ENVIRONMENT PROGRAMME
245 0 _aSafeguarding the ozone layer and the global climate system
_b Issues related to hydrofluorocarbons and perfluorocarbons
260 _aGeneva
_bIPCC
_c2008
300 _avi,88p.
_ccm.
700 _aUNITED NATIONS ENVIRONMENT PROGRAMME
942 _hU287, P8/UN
_cGB
_2CC
999 _c548951
_d548951